Le plus gros palmares en C1/C2/C3 - Statistiques

Statistiques générales
  • Ce quiz a été pris 820 fois
  • Le résultat moyen est 24 sur 57
Statistiques - réponses
Club C1 C2 C3 % Correct
Real Madrid 13 2
99%
FC Barcelone 5 4
96%
Liverpool FC 6 3
94%
AC Milan 7 2
93%
Olympique de Marseille 1
92%
Bayern Munich 6 1 1
90%
Inter Milan 3 3
86%
Manchester United 3 1 1
86%
Séville FC 6
85%
Juventus 2 1 3
81%
Chelsea FC 1 2
80%
Paris Saint Germain 1
79%
Borussia Dortmund 1 1 2
74%
Ajax Amsterdam 4 1 1
71%
FC Porto 2 2
71%
Benfica 2
69%
Arsenal FC 1
67%
Manchester City 1
57%
PSV Eindhoven 1 1
54%
Atlético Madrid 1 3
49%
Nottingham Forest 2
49%
Aston Villa 1
47%
SSC Naples 1
45%
Celtic Glasgow 1
44%
Étoile Rouge de Belgrade 1
44%
Tottenham Hotspur 1 2
44%
Valence CF 1 1
43%
Feyenoord Rotterdam 1 2
39%
Hambourg SV 1 1
38%
Lazio Rome 1
37%
Sporting CP 1
36%
Glasgow Rangers 1
32%
Steaua Bucarest 1
32%
Bayer Leverkusen 1
27%
CSKA Moscou 1
22%
AC Fiorentina 1
21%
Dinamo Kiev 2
19%
Galatasaray 1
19%
Parme FC 1 2
18%
RSC Anderlecht 2 1
18%
Everton 1
17%
Eintracht Francfort 1
16%
Chakhtar Donetsk 1
13%
FC Schalke 04 1
12%
Zénith Saint Pétersbourg 1
12%
Werder Brême 1
9%
Borrusia Mönchengladbach 2
8%
Sampdoria 1
8%
IFK Göteborg 1
5%
Aberdeen FC 1
4%
FC Malines 1
4%
Real Saragosse 1
4%
Dinamo Tbilissi 1
2%
Slovan Bratislava 1
2%
West Ham United 1
2%
FC Magdebourg 1
1%
Ipswish Town 1
0%
Aucun quiz correspondant
Distribution des résultats
% des personnes avec chaque résultat
Percentile par nombre de réponses
Votre historique - résultats
Vous n’avez pas pris ce quiz